| 000 | 00642nam a22001937a 4500 | ||
|---|---|---|---|
| 005 | 20100812150048.0 | ||
| 010 | _aENG-100073 | ||
| 020 |
_a9788177587357 _c135.00 |
||
| 035 | _aEN-83605 | ||
| 037 | _bDBAD/PUB | ||
| 082 | _a483 | ||
| 245 | _aLongman new junior english dictionary / | ||
| 260 |
_aNew Delhi _bPearson Longman _c1993 |
||
| 270 |
_a14 Local Shopping Centre, Panchsheei Park, _bNew Delhi _e110017 |
||
| 300 |
_a377p. _c20cm (pbk) |
||
| 650 |
_aEnglish Dictinary _911875 |
||
| 942 |
_2ddc _cEN _h483 _mLON |
||
| 999 |
_c41400 _d41400 |
||